Vývoj na světovém pojistném trhu v roce 2004

Charakteristika svetového poistného trhu v roku 2004. Vývoj celosvetového predpísaného poistného. Faktory ovplyvňujúce vývoj na poistnom trhu. Poistenosť v jednotlivých oblastiach sveta.

Gespeichert in:
Bibliographische Detailangaben
1. Verfasser: Ducháčková, Eva
Format: Buchkapitel
Sprache:Tschechisch
Schlagworte:
Tags: Tag hinzufügen
Keine Tags, Fügen Sie das erste Tag hinzu!

MARC

LEADER 00000naa$a2200000$$$4500
001 0036062
005 20230927101827.0
041 0 |a cze 
044 |a CZ 
245 1 0 |a Vývoj na světovém pojistném trhu v roce 2004  |c Eva Ducháčková 
520 |a Charakteristika svetového poistného trhu v roku 2004. Vývoj celosvetového predpísaného poistného. Faktory ovplyvňujúce vývoj na poistnom trhu. Poistenosť v jednotlivých oblastiach sveta. 
610 2 0 |a trh poistný 
610 2 0 |a svet 
610 2 0 |a poistné 
610 2 0 |a poistenie neživotné 
610 2 0 |a 2004 
100 1 |a Ducháčková, Eva